Countries That Start With North East South Or West - Statistics

General Stats
  • This quiz has been taken 25 times
  • The average score is 5 of 6
Answer Stats
% Correct
5. South Sudan
100%
3. North Korea
95%
1. North Macedonia
90%
4. South Korea
90%
2. East Timor
86%
6. South Africa
76%
No matching quizzes found
Score Distribution
Percent of People with Each Score
Percentile by Number Answered
Your Score History
You have not taken this quiz